| 000 | 00661cam a2200229 4500 | ||
|---|---|---|---|
| 008 | 090401t1978 xxu||||| |||| 00| 0 eng d | ||
| 020 | _a9282302121 | ||
| 035 | _a(Sirsi) u14736 | ||
| 041 | _aeng | ||
| 050 | _a711.403 | ||
| 110 |
_aEuropean Parliament. Terminology Office _92764 |
||
| 245 | _aTerminology of town and country planning. | ||
| 260 |
_aLuxembourg _bHMSO _c1978 |
||
| 300 | _aca.300p. ; 30cm. | ||
| 350 | _a4.25 | ||
| 520 | _aParallel text in several languages. AX-78-49-659-6A-C. PE 49.659. | ||
| 650 | _aGLOSSARIES | ||
| 650 | _aTOWN AND COUNTRY PLANNING | ||
| 690 | _aPLANNING LAW AND PRACTICE | ||
| 942 | _n0 | ||
| 948 | _c04/03/1997 | ||
| 999 |
_c87209 _d87209 |
||